天津市街道/乡镇/开发区 - Statistics

General Stats
  • This quiz has been taken 30 times
  • The average score is 49 of 267
Answer Stats
街道 % Correct
和平 小白楼街
77%
和平 五大道街
62%
和平 劝业场街
58%
和平 南市街
54%
西青 杨柳青镇
54%
和平 南营门街
46%
津南 八里台镇
46%
滨海 塘沽街
46%
南开 鼓楼街
42%
河东 中山门街
42%
南开 水上公园街
38%
河西 天塔街
38%
津南 咸水沽镇
38%
和平 新兴街
35%
南开 学府街
35%
南开 广开街
35%
河西 马场街
35%
东丽 军粮城街
35%
西青 李七庄街
35%
北辰 北仓镇
35%
武清 杨村街
35%
南开 华苑街
31%
南开 王顶堤街
31%
河东 大王庄街
31%
河西 下瓦房街
31%
河西 尖山街
31%
河北 王串场街
31%
东丽 金钟街
31%
东丽 张贵庄街
31%
西青 张家窝镇
31%
西青 精武镇
31%
津南 双港镇
31%
津南 小站镇
31%
宁河 芦台街
31%
滨海 汉沽街
31%
滨海 泰达街
31%
红桥 铃铛阁街
27%
红桥 西沽街
27%
红桥 丁字沽街
27%
河东 二号桥街
27%
河东 富民路街
27%
河西 梅江街
27%
河西 陈塘庄街
27%
河北 新开河街
27%
河北 铁东路街
27%
东丽 新立街
27%
西青 西营门街
27%
西青 大寺镇
27%
津南 双林街
27%
津南 辛庄镇
27%
津南 北闸口镇
27%
津南 双桥河镇
27%
津南 葛沽镇
27%
北辰 双口镇
27%
北辰 双街镇
27%
北辰 天穆镇
27%
北辰 小淀镇
27%
武清 王庆坨镇
27%
宁河 宁河镇
27%
静海 静海镇
27%
滨海 大沽街
27%
南开 体育中心街
23%
红桥 芥园道街
23%
红桥 西于庄街
23%
红桥 咸阳北路街
23%
红桥 三条石街
23%
河东 向阳楼街
23%
河东 上杭路街
23%
河东 大直沽街
23%
河西 越秀路街
23%
河西 大营门街
23%
河西 东海街
23%
河西 太湖路街
23%
河北 鸿顺里街
23%
河北 望海楼街
23%
河北 建昌道街
23%
河北 月牙河街
23%
东丽 东丽湖街
23%
东丽 华明街
23%
西青 中北镇
23%
西青 赤龙北街
23%
西青 赤龙南街
23%
津南 海棠街
23%
北辰 青光镇
23%
北辰 瑞景街
23%
北辰 宜兴埠街
23%
北辰 大张庄镇
23%
北辰 西堤头镇
23%
武清 黄庄街
23%
武清 崔黄口镇
23%
武清 河西务镇
23%
宝坻 黄庄镇
23%
宁河 潘庄镇
23%
静海 团泊镇
23%
静海 子牙镇
23%
滨海 大港街
23%
滨海 北塘街
23%
南开 万兴街
19%
南开 兴南街
19%
南开 长虹街
19%
南开 向阳路街
19%
红桥 和苑街
19%
河东 唐家口街
19%
河东 春华街
19%
河东 鲁山道街
19%
河东 东新街
19%
河西 桃园街
19%
河西 柳林街
19%
东丽 无瑕街
19%
东丽 金桥街
19%
东丽 华新街
19%
东丽 万新街
19%
西青 辛口镇
19%
西青 津门湖街
19%
西青 王稳庄镇
19%
津南 双新街
19%
北辰 双环邨街
19%
北辰 集贤里街
19%
北辰 果园新村街
19%
北辰 普东街
19%
武清 下朱庄街
19%
武清 豆张庄镇
19%
武清 汊沽港镇
19%
武清 曹子里镇
19%
武清 城关镇
19%
宝坻 海滨街
19%
宁河 七里海镇
19%
宁河 桥北街
19%
静海 唐官屯镇
19%
静海 大邱庄镇
19%
蓟州 上仓镇
19%
蓟州 下仓镇
19%
滨海 杭州道街
19%
滨海 胡家园街
19%
滨海 太平镇
19%
滨海 茶淀街
19%
南开 嘉陵道街
15%
红桥 邵公庄街
15%
河东 常州道街
15%
河东 铁厂街
15%
河西 友谊路街
15%
河西 挂甲寺街
15%
河北 宁园街
15%
河北 光复道街
15%
河北 江都路街
15%
东丽 丰年村街
15%
北辰 青源街
15%
北辰 广源街
15%
北辰 佳荣里街
15%
武清 梅厂镇
15%
武清 徐官屯街
15%
武清 东蒲洼街
15%
武清 南蔡村镇
15%
武清 大良镇
15%
武清 下伍旗镇
15%
武清 高村镇
15%
宝坻 大口屯镇
15%
宝坻 宝平街
15%
宁河 东棘坨镇
15%
宁河 丰台镇
15%
静海 朝阳街
15%
静海 良王庄乡
15%
静海 大丰堆镇
15%
静海 双塘镇
15%
静海 陈官屯镇
15%
静海 独流镇
15%
蓟州 渔阳镇
15%
蓟州 下营镇
15%
滨海 新港街
15%
滨海 中塘镇
15%
滨海 小王庄镇
15%
武清 黄花店镇
12%
武清 陈咀镇
12%
武清 石各庄镇
12%
武清 上马台镇
12%
武清 大碱厂镇
12%
武清 泗村店镇
12%
武清 东马圈镇
12%
宝坻 尔王庄镇
12%
宝坻 林亭口镇
12%
宝坻 八门城镇
12%
宝坻 新安镇
12%
宝坻 大钟庄镇
12%
宝坻 钰华街
12%
宁河 造甲城镇
12%
宁河 俵口镇
12%
宁河 大北涧沽镇
12%
宁河 廉庄镇
12%
宁河 苗庄镇
12%
宁河 岳龙镇
12%
宁河 板桥镇
12%
静海 西翟庄镇
12%
静海 杨成庄乡
12%
静海 中旺镇
12%
静海 台头镇
12%
静海 梁头镇
12%
静海 王口镇
12%
静海 沿庄镇
12%
蓟州 文昌街
12%
蓟州 罗庄子镇
12%
蓟州 许家台镇
12%
蓟州 邦均镇
12%
蓟州 尤古庄镇
12%
滨海 新北街
12%
滨海 新城镇
12%
武清 大黄堡镇
8%
武清 河北屯镇
8%
武清 大孟庄镇
8%
宝坻 大唐庄镇
8%
宝坻 大白庄镇
8%
宝坻 牛家牌镇
8%
宝坻 周良街
8%
宝坻 王卜庄镇
8%
宝坻 方家庄镇
8%
宝坻 霍各庄镇
8%
宝坻 口东镇
8%
宝坻 郝各庄镇
8%
宝坻 潮阳街
8%
宝坻 史各庄镇
8%
宝坻 牛道口镇
8%
宝坻 朝霞街
8%
宁河 北淮淀镇
8%
静海 华康街
8%
静海 蔡公庄镇
8%
蓟州 西龙虎峪镇
8%
蓟州 出头岭镇
8%
蓟州 孙各庄满族乡
8%
蓟州 马伸桥镇
8%
蓟州 穿芳峪镇
8%
蓟州 官庄镇
8%
蓟州 白涧镇
8%
蓟州 洇溜镇
8%
蓟州 桑梓镇
8%
蓟州 东二营镇
8%
蓟州 东赵各庄镇
8%
蓟州 礼明庄镇
8%
蓟州 别山镇
8%
蓟州 东施古镇
8%
蓟州 侯家营镇
8%
蓟州 下窝头镇
8%
蓟州 杨津庄镇
8%
滨海 新村街
8%
滨海 新河街
8%
滨海 寨上街
8%
滨海 杨家泊镇
8%
东丽 天津滨海国际机场
4%
武清 白古屯镇
4%
宝坻 新开口镇
4%
蓟州 州河湾镇
4%
蓟州 于桥水库
4%
滨海 天津经济技术开发区
4%
滨海 天津港保税区
4%
武清 大王吉庄镇
0%
宁河 潘庄农场
0%
蓟州 青甸洼
0%
滨海 吉林街
0%
滨海 天津北大港湿地自然保护区
0%
滨海 天津经济技术开发区东区
0%
滨海 天津经济技术开发区中区
0%
滨海 天津经济技术开发区南港工业区
0%
滨海 天津经济技术开发区北塘总部园区
0%
滨海 东疆港保税区
0%
滨海 南部新兴产业区
0%
滨海 未来科技城南区
0%
滨海 天津滨海高新技术产业开发区塘沽海洋科技园
0%
滨海 中新生态城管理区
0%
滨海 泰达汉沽现代产业区
0%
No matching quizzes found
Score Distribution
Percent of People with Each Score
Percentile by Number Answered
Your Score History
You have not taken this quiz